000 03740ncm0a2200541 4500
001 RU\NLR\ONIZ\223266
005 20260406145012.0
013 _a979-0-9003102-7-9
021 _aRU
_b17-485н
_917-35н
035 _a(NLR Aleph) 011668061
090 _a11220753
_c11220753
100 _a20180320d2016 |||y0rusy50 ca
101 0 _arus
102 _aRU
125 _azy
128 _asg
145 0 _ac
200 1 _aНе трогайте Россию, господа!
_bНоты
_eсб. песен
_e[для голоса с сопровожд. фп.]
_fВ. Хотинов
210 _aЕкатеринбург
_cСтанционный смотритель
_d2016
215 _a44 с.
_cцв. ил.
_d29 см
300 _aНа тит. л.: дочери Алёне.
300 _aСписок соч.: с. 42-43
313 _aСистематизация документа проведена по изданию - Методика классифицирования музыкальных произведений (нотных изданий) по таблицам Библиотечно-библиографических классификаций : метод. рекомендации / Гос. б-ка СССР им. В.И. Ленина.- М., 1977. Индексу ББК методических рекомендаций присваивается код ББК для научных библиотек - LBC/SL
327 1 _a1. Не трогайте Россию, господа! / сл. Д. Нанов Дончева; 2. Не будите русского медведя / сл. К. Фролова-Крымского; 3. Бородино / сл. М. Лермонтова; 4. Баллада о штрафном батальоне / сл. Е. Евтушенко; 5-6. Видение на холме; Тихая моя родина / сл. Н. Рубцова; 7-8. Россия; Скифы / сл. А. Блока
606 1 _aПатриотические песни российских композиторов
_jНоты
_2nlr_sh
686 _aЩ943.4-42-041.5(2Р)я44
_vLBC/SL
_2rubbk
700 1 _6z02790
_aХотинов
_bВ. В.
_f1943-
_gВиктор Викторович
_4230
_7ca
702 1 _6z09790
_aБлок
_bА. А.
_f1880 - 1921
_gАлександр Александрович
_4520
_7ca
702 1 _4520
_8rus
_7ca
_aЛермонтов
_bМ. Ю.
_cпоэт
_f1814-1841
_gМихаил Юрьевич
_3RU\NLR\auth\77328
_9110383
702 1 _4520
_8rus
_7ca
_aРубцов
_bН. М.
_cпоэт
_f1936-1971
_gНиколай Михайлович
_3RU\NLR\AUTH\7717450
_9537
702 1 _6z12790
_aДончев
_bД.
_f1945-
_gДончо
_4520
_7ca
702 1 _6z13790
_aФролов-Крымский
_bК. Ю.
_f19560
_gКонстантин Юрьевич
_4520
_7ca
702 1 _4070
_8rus
_7ca
_aЕвтушенко
_bЕ. А.
_f1933-2017
_gЕвгений Александрович
_3RU\NLR\AUTH\774450
_9114430
790 1 _6z02700
_aChotinov
_bV. V.
_gViktor Viktorovič
_4230
_7ba
790 1 _6z09702
_aBlok
_bA.
_f1880 - 1921
_gAleksandr
_4520
_7ba
790 1 _4520
_8rus
_7ba
_aLermontov
_bM. J.
_cпоэт
_f1814-1841
_gMichail Jur'evič
_3RU\NLR\AUTH\77329
_9110384
790 1 _4520
_7ba
_8rus
_aRubcov
_bN. М.
_cпоэт
_f1936-1971
_gNikolaj Michajlovič
_9267867
_3RU\NLR\AUTH\770267923
790 1 _6z12702
_aDončev
_bD.
_f1945-
_gDončo
_4520
_7ba
790 1 _6z13702
_aFrolov-Krymskij
_bK.
_f19560
_gKonstantin
_4520
_7ba
790 1 _6z14702
_aEvtušenko
_bE. A.
_f1933-2017
_gEvgenij Aleksandrovič
_4520
_7ba
801 0 _aRU
_bNLR
_c20180320
_gPSBO
801 1 _aRU
_bNLR
_c20180320
_2rusmarc
801 2 _aRU
_bNLR
_c20190630
852 _aNLR
_bМ
_jК-3/29352
_pМОЭ 2017-35н/485н
_t1
942 _cSCORE
980 _aNB
980 _aONIZ